LEADER 01072nam a2200253 4500 001 000000366187 003 CaOOAMICUS 005 20260130120546.0 008 260130s2024 it a 000 u ita r 020 $a978-88-328-5606-4 040 $aSeMil$bita 100 1 $aGuardo, Andrea,$d<1980- >.$0(OLS)http://semarc/name/123671 245 12$aL'evoluzione della morale per selezione naturale /$cAndrea Guardo. 264 1$aMilano :$bRaffaello Cortina,$c2024. 300 $a223 p. ;$c23 cm 490 1 $aSaggi ;$v154 650 4$aEtica - Rapporti [con l'] Evoluzionismo.$0(OLS)http://semarc/subject/59429 830 0$aSaggi ;$v154.$0(OLS)http://semarc/title/446916 850 $aSeMil 852 $aSeMil$W1$xVenegono$y1$m2NA N 154$j266826$B256955$CSeMilBibl$Z2$F256955 $81 996 $6020$a978-88-328-5606-4$9(OLS)http://semarc/number/305171 996 $6245$aL'evoluzione della morale per selezione naturale$9(OLS)http://semarc/title/457908 996 $6264$aMilano :$bRaffaello Cortina$9(OLS)http://semarc/publisher/31196